ARRUPE JESUIT UNIVERSITY

CORONAVIRUS -STOP THE SPREAD - CLEAN,DISINFECT,COVER

The troublemaker : (Record no. 118501)

MARC details
000 -LEADER
fixed length control field 01672aam a2200457 a 4500
001 - CONTROL NUMBER
control field 6135757
003 - CONTROL NUMBER IDENTIFIER
control field ARRUPE
005 - DATE AND TIME OF LATEST TRANSACTION
control field 20131105124858.0
008 - FIXED-LENGTH DATA ELEMENTS--GENERAL INFORMATION
fixed length control field 060804s2006 enkaf b 001 0beng
010 ## - LIBRARY OF CONGRESS CONTROL NUMBER
LC control number 2006462057
015 ## - NATIONAL BIBLIOGRAPHY NUMBER
National bibliography number GBA580605
Source bnb
016 7# - NATIONAL BIBLIOGRAPHIC AGENCY CONTROL NUMBER
Record control number 013297730
Source Uk
020 ## - INTERNATIONAL STANDARD BOOK NUMBER
International Standard Book Number 1845130804 (hbk.)
020 ## - INTERNATIONAL STANDARD BOOK NUMBER
International Standard Book Number 9781845130800 (hbk.)
029 1# - (OCLC)
OCLC library identifier YDXCP
System control number 100420282
035 ## - SYSTEM CONTROL NUMBER
System control number (OCoLC)ocm61703453
035 ## - SYSTEM CONTROL NUMBER
System control number (OCoLC)61703453
035 ## - SYSTEM CONTROL NUMBER
System control number (NNC)6135757
040 ## - CATALOGING SOURCE
Original cataloging agency UKM
Transcribing agency UKM
Modifying agency DLC
-- BWKUK
-- NDD
-- YDXCP
-- BTCTA
042 ## - AUTHENTICATION CODE
Authentication code lccopycat
043 ## - GEOGRAPHIC AREA CODE
Geographic area code e-uk---
-- f-sa---
050 00 - LIBRARY OF CONGRESS CALL NUMBER
Classification number DT1949.S25
Item number Y28 2006
082 04 - DEWEY DECIMAL CLASSIFICATION NUMBER
Classification number 323.092
Edition number 22
300 ## - PHYSICAL DESCRIPTION
Other physical details ill. ;
Dimensions 23 cm.
100 1# - MAIN ENTRY--PERSONAL NAME
Personal name Yates, Anne,
Dates associated with a name 1922-2000.
9 (RLIN) 3180
245 14 - TITLE STATEMENT
Title The troublemaker :
Remainder of title Michael Scott and his lonely struggle against injustice /
Statement of responsibility, etc Anne Yates and Lewis Chester.
260 ## - PUBLICATION, DISTRIBUTION, ETC. (IMPRINT)
Place of publication, distribution, etc London :
Name of publisher, distributor, etc Aurum Press Ltd.,
Date of publication, distribution, etc 2006.
300 ## - PHYSICAL DESCRIPTION
Extent xiv, 338 p., [8] p. of plates :
504 ## - BIBLIOGRAPHY, ETC. NOTE
Bibliography, etc Includes bibliographical references (p. 328-331) and index.
600 10 - SUBJECT ADDED ENTRY--PERSONAL NAME
Personal name Scott, Michael,
Dates associated with a name 1907-1983.
9 (RLIN) 3181
610 20 - SUBJECT ADDED ENTRY--CORPORATE NAME
Corporate name or jurisdiction name as entry element Church of England
General subdivision Clergy
Form subdivision Biography.
9 (RLIN) 3182
650 #0 - SUBJECT ADDED ENTRY--TOPICAL TERM
Topical term or geographic name as entry element Anti-apartheid activists
Geographic subdivision South Africa
Form subdivision Biography.
9 (RLIN) 3183
650 #0 - SUBJECT ADDED ENTRY--TOPICAL TERM
Topical term or geographic name as entry element Anti-apartheid activists
Geographic subdivision Great Britain
Form subdivision Biography.
9 (RLIN) 3184
650 #0 - SUBJECT ADDED ENTRY--TOPICAL TERM
Topical term or geographic name as entry element Human rights workers
Geographic subdivision South Africa
Form subdivision Biography.
9 (RLIN) 3185
650 #0 - SUBJECT ADDED ENTRY--TOPICAL TERM
Topical term or geographic name as entry element Human rights workers
Geographic subdivision Great Britain
Form subdivision Biography.
9 (RLIN) 3186
650 #0 - SUBJECT ADDED ENTRY--TOPICAL TERM
Topical term or geographic name as entry element Political prisoners
Geographic subdivision South Africa
Form subdivision Biography.
9 (RLIN) 3187
650 #0 - SUBJECT ADDED ENTRY--TOPICAL TERM
Topical term or geographic name as entry element Political prisoners
Geographic subdivision Great Britain
Form subdivision Biography.
9 (RLIN) 3188
700 1# - ADDED ENTRY--PERSONAL NAME
Personal name Chester, Lewis.
9 (RLIN) 3189
942 ## - ADDED ENTRY ELEMENTS (KOHA)
Source of classification or shelving scheme Library of Congress Classification
Koha item type Monograph ( Printed materials)
948 1# - LOCAL PROCESSING INFORMATION (OCLC); SERIES PART DESIGNATOR (RLIN)
Series part designator, SPT (RLIN) 20070716
b (OCLC) c
c (OCLC) jv5
d (OCLC) MPS
Holdings
Withdrawn status Lost status Source of classification or shelving scheme Damaged status Not for loan Home library Current library Date acquired Total Checkouts Full call number Barcode Date last seen Price effective from Koha item type
    Library of Congress Classification     ARRUPE LIBRARY ARRUPE LIBRARY 05/11/2013   DT1949.S25 Y28 2006 46411225 07/12/2017 05/11/2013 Monograph ( Printed materials)

 

Arrupe Library. PO Box MP320 Mt Pleasant, Harare, Zimbabwe
263 242 745411|librarian@aju.ac.zw